| 000 | 00774cam a2200217 4500 | ||
|---|---|---|---|
| 001 | WB3628-15 | ||
| 008 | 000000n2000 000 0 eng u | ||
| 035 | _a(Sirsi) u107208 | ||
| 245 | _aStampede on MoD homes | ||
| 260 | _c2000 | ||
| 490 |
_aFinancial Times _v14 July 2000, 7(1) |
||
| 520 | _aFrustration with rising house prices prompts house buyers to queue up to buy former MoD properties. The rush to buy cheaper houses indicates the lack of affordable properties in low wage areas like Cornwall. | ||
| 590 | _aWB | ||
| 650 |
_aRESIDENTIAL PROPERTY _96266 |
||
| 650 | _aMOD PROPERTY | ||
| 650 | _aHOUSE PRICES | ||
| 650 | _aAFFORDABLE HOMES | ||
| 650 | _aHOUSE PURCHASE | ||
| 690 | _aPROPERTY-RESIDENTIAL PROPERTY-RESIDENTIAL PROPERTY MARKET | ||
| 942 | _n0 | ||
| 999 |
_c64093 _d64093 |
||